Normal view
MARC view
- Robb Eric S. Moss
Entry Personal Name
001 - CONTROL NUMBER
- control field: 30327
003 - CONTROL NUMBER IDENTIFIER
- control field: NUST
005 - DATE AND TIME OF LATEST TRANSACTION
- control field: 20200921100356.0
008 - FIXED-LENGTH DATA ELEMENTS
- fixed length control field: 200921|| aca||aabn | a|a d
040 ## - CATALOGING SOURCE
- Original cataloging agency: NUST
- Transcribing agency: NUST
100 ## - HEADING--PERSONAL NAME
- Personal name: Robb Eric S. Moss
670 ## - SOURCE DATA FOUND
- Source citation: Work cat.: (NUST): Robb Eric S. Moss, Applied Civil Engineering Risk Analysis, 2020
